Normal view
MARC view
- TECHNOLOGY & ENGINEERING / Construction / Contracting
Entry Topical Term
001 - CONTROL NUMBER
- control field: 25582
003 - CONTROL NUMBER IDENTIFIER
- control field: NUST
005 - DATE AND TIME OF LATEST TRANSACTION
- control field: 20191113105605.0
008 - FIXED-LENGTH DATA ELEMENTS
- fixed length control field: 191113|| aca||aabn | a|a d
040 ## - CATALOGING SOURCE
- Original cataloging agency: NUST
- Transcribing agency: NUST
150 ## - HEADING--TOPICAL TERM
- Topical term or geographic name entry element: TECHNOLOGY & ENGINEERING / Construction / Contracting
670 ## - SOURCE DATA FOUND
- Source citation: Work cat.: (NUST): DelPico, Wayne J. 25581, Estimating building costs for the residential & light commercial construction professional /, 2012.
